Statistiques de la dette du secteur public : Guide pour les statisticiens et les utilisateurs.

La crise financiere mondiale de ces dernieres annees et les niveaux eleves des deficits budgetaires et de la dette qui en ont resulte dans de nombreux pays ont revele l'importance de statistiques fiables et a jour sur la dette des administrations publiques et, plus generalement, du secteur publ...

Descripció completa

Dades bibliogràfiques
Autor corporatiu: International Monetary Fund
Format: Revista
Idioma:English
Publicat: Washington, D.C. : International Monetary Fund, 2014.
Col·lecció:Manuals and Guides
Accés en línia:Full text available on IMF
LEADER 02667cas a2200253 a 4500
001 AALejournalIMF021995
008 230101c9999 xx r poo 0 0eng d
020 |c 30.00 USD 
020 |z 9781484393246 
022 |a 2663-3817 
040 |a BD-DhAAL  |c BD-DhAAL 
110 2 |a International Monetary Fund. 
240 1 0 |a Statistiques de la dette du secteur public: Guide pour les statisticiens et les utilisateurs.  |l French 
245 1 0 |a Statistiques de la dette du secteur public :   |b Guide pour les statisticiens et les utilisateurs. 
264 1 |a Washington, D.C. :  |b International Monetary Fund,  |c 2014. 
300 |a 1 online resource (236 pages) 
490 1 |a Manuals and Guides 
500 |a <strong>Off-Campus Access:</strong> No User ID or Password Required 
500 |a <strong>On-Campus Access:</strong> No User ID or Password Required 
506 |a Electronic access restricted to authorized BRAC University faculty, staff and students 
520 3 |a La crise financiere mondiale de ces dernieres annees et les niveaux eleves des deficits budgetaires et de la dette qui en ont resulte dans de nombreux pays ont revele l'importance de statistiques fiables et a jour sur la dette des administrations publiques et, plus generalement, du secteur public, en tant qu'element crucial de la viabilite budgetaire, voire exterieure, des pays membres. L'ouvrage -- Statistiques de la dette publique exterieure -- est le premier guide international du genre. Il a pour objectif d'ameliorer la qualite et le delai de production des principales statistiques de la dette afin de favoriser une convergence des pratiques de declaration des donnees et, partant, les comparaisons internationales. Ce guide est la reference pour ceux qui etablissent et publient ces donnees. A l'instar des autres guides statistiques du FMI , il a ete prepare en consultation avec des pays et des agences internationales, dont les neuf organisations participant a l'Equipe speciale interinstitutions des statistiques des finances (ESSF). Pour etablir ce Guide, les auteurs se sont appuyes sur la vaste experience de nos institutions et ont mis a profit les consultations tenues avec les statisticiens nationaux charges d'elaborer les statistiques de finances publiques et de la dette du secteur public. Ses concepts sont harmonises avec ceux du Systeme de comptabilite nationale (2008) et du Manuel de la balance des paiements et de la position exterieure globale, sixieme edition. 
538 |a Mode of access: Internet 
830 0 |a Manuals and Guides 
856 4 0 |z Full text available on IMF  |u http://elibrary.imf.org/view/books/069/11874-9781484393246-fr/11874-9781484393246-fr-book.xml  |z IMF e-Library